00653nam a2200181Ia 4500008004100000041000800041082001700049100002100066245003900087260002000126300002700146365001700173500001000190700002100200906003500221999001900256952019600275230718s9999 xx 000 0 und d aeng a005.268bSPH aSphar C.9150431 aLearn Microsoft Visual C++ 6.0 Now c1998bMicrosoft a662dRef 753 C (10692) cRs.b3128.50 a753 C aSphar C.9150431 dB:627209-Oct-1999cCOMPb469.2 c299486d299486 00102ddc3Ref 753 C (10692)4073aCCEPbCCEPd1999-10-14ePradeep Book DistributorsfCOMPg2659.30i6272o005.268pCCEP-BK-10692r2023-07-18 00:00:00t469.2v3128.50w1999-10-09yBKz010692